000
00295nam a22001337a 4500
008
170914b xxu||||| |||| 00| 0 eng d
020
_a
9780135787748
041
_a
eng
080
_2
5TH
_a
7
100
_a
44
101
_a
ART
245
_a
A BASIC HISTORY OF ART
_c
JANSON,H.W
942
_2
udc
_c
BK
999
_c
27531
_d
27531